000 00737nam a2200217 i 4500
001 146491
003 ES-MaACL
005 20230906201543.0
007 t|
008 070911s1943 sp ||||1| spa d
080 _a911(022)
100 1 _aTreue, Wilhelm.
_9111333
245 1 3 _aLa conquista de la tierra
_b: tras las huellas de los grandes descubridores /
_cWilhelm Treue ; versión española por Francisco Payarols.
260 _aBarcelona :
_bLabor,
_c[1943?]
300 _a548 p., con 23 map. I-XXXII de lám. :
_bil. ;
_c22 cm.
490 1 _aColección libros de hoy
700 1 _aPayarols, Francisco.
_989715
830 0 _aColección libros de hoy
_9182911
852 _aES-MaACL
_jF-16300
_bR.21824
999 _c146491
_d146491